000 00298nam a22001337a 4500
008 170620b xxu||||| |||| 00| 0 eng d
020 _a0691022036
041 _aeng
080 _a32
100 _a20
101 _aSHP
245 _aPOWER NAD IDEOLOGY IN BRAZIL
_cDONOUGH.P
942 _2udc
_cBK
999 _c18249
_d18249